| 000 | 00378nam a2200145Ia 4500 | ||
|---|---|---|---|
| 008 | 230312s9999||||xx |||||||||||||| ||und|| | ||
| 020 | _a978-969-2262-08 | ||
| 082 |
_a330.549 _bSHE-M |
||
| 100 | _aSehgal,Ikram | ||
| 245 | 0 | _aLight at the End of the Tunnel | |
| 260 |
_bPathfinder _aPakistan _c2021 |
||
| 300 | _a364 | ||
| 650 |
_aCurrent Affairs _vCurrent Affairs |
||
| 942 | _cBK | ||
| 999 |
_c15842 _d15842 |
||